Svedectvo druhej kriedy

Bibliographic Details
Main Authors: Lenčo, Ján, 1933-2012 (Author), Lichnerová, Rút, 1951- (Author)
Format: Article
Language:Slovak
Subjects:

MARC

LEADER 00000nab a2200000 a 4500
001 vtls000554721
003 SK-MaSNL
005 20260304022557.0
008 150501c1995 xo 0 slo
015 |a SNBRB19rr/mm-uuuuu 
035 |a CL0554859 
040 |a SNKBUCL  |b slo  |c SNKBUCL  |e AACR2 
041 0 |a slo 
044 |a xo  |c SK 
080 |a 82.09:885.4-3(048)  |2 1981 
080 |a 885.4-3(048)  |2 1981 
100 1 |a Lenčo, Ján,  |d 1933-2012  |4 aut  |9 103758 
245 1 0 |a Svedectvo druhej kriedy  |c Ján Lenčo 
650 0 7 |a novely psychologické  |2 snkbucl  |9 898706 
650 0 7 |a poviedky psychologické  |2 snkbucl  |9 893883 
655 7 |a články z novín a časopisov  |2 snkbucl  |9 267496 
655 7 |a články z odboru literárna veda a krásna literatúra  |2 snkbucl  |9 770045 
700 1 |a Lichnerová, Rút,  |d 1951-  |4 aut  |9 102132 
773 0 |t Slovenské pohľady  |g Roč. 4+111, č. 7-8 (1995), s. 270-273 
787 0 8 |i Rec.:  |a Lichnerová, Rút  |t Šahíziho tabía  |d Bratislava : Smena, 1995 
850 |a Slovenská národná knižnica v Martine  |a MTA001 
852 |a SNK  |b KIS3GCP 
958 |a RK 
958 |a LX 
958 |a SK 
992 |a RBX 
999 |c 2612014  |d 2613944